LEADER 01022nam a2200277 i 4500 001 991003077069707536 005 20020509111741.0 008 000214s1998 ||| ||| | eng 020 $a0138234698 035 $ab11105252-39ule_inst 035 $aPARLA174657$9ExL 040 $aDip.to Scienze pedagogiche$bita 082 0 $a004.35 100 1 $aFox, Geoffrey C.$055685 245 10$aGeneral techniques and regular problems /$cGeoffrey C. Fox 260 $aEnglewood Cliffs, N.J. :$bPrentice Hall,$c1998 300 $a592 p. :$bill. ;$c24 cm. 490 0 $aSolving problems on concurrent processors ;$v1 650 4$aInformatica 650 4$aMultimedialità - Tecnologia educativa 907 $a.b11105252$b23-02-17$c28-06-02 912 $a991003077069707536 945 $aLE022 004 FOX01.01$g1$i2022000010337$lle022$o-$pE0.00$q-$rl$s- $t0$u1$v0$w1$x0$y.i11239918$z28-06-02 996 $aGeneral techniques and regular problems$9857668 997 $aUNISALENTO 998 $ale022$b01-01-00$cm$da $e-$feng$gxx $h0$i1 LEADER 01558nam 2200253la 450 001 9910481280003321 005 20230503094818.0 035 $a(UK-CbPIL)2090352301 035 $a(CKB)5500000000095841 035 $a(EXLCZ)995500000000095841 100 $a20230503d1582 uy | 101 0 $alat 135 $aurcn||||a|bb| 200 10$aEphemerides coelestium motuum Io. Antonij Magini Patauini, ad annos 40. ab anno Domini 1581. vsque ad annum 1620 ... Ad longitudinem gr. 32.30'. sub qua inclyta vrbs Venetiarum sita est. Addita est eiusdem in stadium animaduersio, qua errores eius quamplurimi perpenduntur. Item tractatus quatuor absolutissimi, nempe Isagoge in iudiciariam astrologiam, De vsu ephemeridum, De annuis reuolutionibus, & De stellis fixis 210 $aVenice $c[s.n.]$d1582 215 $aOnline resource (2 pt. ([8], 208; 605, [3]) c., 4º) 300 $aReproduction of original in Biblioteca Nazionale Centrale di Firenze. 700 $aMagini$b Giovanni Antonio$f1555-1617.$055127 801 0$bUk-CbPIL 801 1$bUk-CbPIL 906 $aBOOK 912 $a9910481280003321 996 $aEphemerides coelestium motuum Io. Antonij Magini Patauini, ad annos 40. ab anno Domini 1581. vsque ad annum 1620 ... Ad longitudinem gr. 32.30'. sub qua inclyta vrbs Venetiarum sita est. Addita est eiusdem in stadium animaduersio, qua errores eius quamplurimi perpenduntur. Item tractatus quatuor absolutissimi, nempe Isagoge in iudiciariam astrologiam, De vsu ephemeridum, De annuis reuolutionibus, & De stellis fixis$91979897 997 $aUNINA